[Event "SR 1. liga zapad 2013/2014"]
[Site "?"]
[Date "2013.12.14"]
[Round "30.6"]
[White "Kolesar, Milan"]
[Black "Federic, Pavol"]
[Result "0-1"]
[WhiteElo "2161"]
[BlackElo "2172"]
[PlyCount "82"]
[EventDate "2013.??.??"]
[WhiteTeam "SK Strelec Devinska Nova Ves"]
[BlackTeam "SK Modra"]

1. Nf3 d5 2. d4 c5 3. dxc5 Nf6 4. c3 g6 5. Bf4 Bg7 6. e3 O-O 7. Nbd2 Bf5 8. h3
Nbd7 9. Nb3 Rc8 10. c6 Rxc6 11. Nfd4 Rc8 12. Nxf5 gxf5 13. Bd3 e5 14. Bg5 e4
15. Be2 Ne5 16. Nd4 h6 17. Bf4 Ng6 18. Bg3 Ne7 19. O-O a6 20. f3 Kh7 21. fxe4
fxe4 22. Qb3 Qd7 23. Rf2 Nfg8 24. Raf1 f5 25. Qd1 Bxd4 26. Qxd4 Qe6 27. Qe5 Qb6
28. Bh5 Qxe3 29. Bh4 Qc5 30. Kh1 Rc6 31. g4 Nf6 32. Bxf6 Rcxf6 33. gxf5 e3 34.
Rg2 Qd6 35. Qxe3 Nxf5 36. Qd3 Kh8 37. Rfg1 Qf4 38. Rg4 Qe5 39. Qd2 Ne3 40. Rg6
Qxh5 41. Qxe3 Rxg6 0-1

[Event "SR 1. liga zapad 2013/2014"]
[Site "?"]
[Date "2013.12.14"]
[Round "30.7"]
[White "Matejovic, Juraj"]
[Black "Oprea, Erik"]
[Result "1/2-1/2"]
[WhiteElo "2186"]
[BlackElo "2130"]
[PlyCount "191"]
[EventDate "2013.??.??"]
[WhiteTeam "SK Modra"]
[BlackTeam "SK Strelec Devinska Nova Ves"]

1. e4 d6 2. d4 c6 3. Nc3 Nd7 4. f4 e6 5. Nf3 d5 6. Bd3 b5 7. O-O Nb6 8. a3 Nf6
9. e5 Nfd7 10. f5 exf5 11. Ng5 Be7 12. Rxf5 Bxg5 13. Bxg5 Qc7 14. Bxb5 Nf8 15.
Rf2 h6 16. Bh4 Ng6 17. Bg3 Be6 18. Bd3 h5 19. h3 h4 20. Bh2 Qd7 21. b3 O-O-O
22. a4 Qe7 23. a5 Nd7 24. Na4 Kc7 25. Qd2 Rh5 26. Raf1 Rb8 27. c4 Kd8 28. cxd5
cxd5 29. Bc2 Rg5 30. Kh1 Rh5 31. a6 Qb4 32. Qe3 Rh6 33. Qg5+ Ke8 34. Bxg6 Rxg6
35. Qxh4 Qxb3 36. Qh8+ Ke7 37. Qh4+ Ke8 38. Qh8+ Ke7 39. Qh4+ Ke8 40. Rb2 Qxa4
41. Qh8+ Ke7 42. Rxb8 Nxb8 43. Qxb8 Qxa6 44. Rb1 Bd7 45. Qb4+ Ke8 46. Qc5 Rb6
47. Rxb6 Qxb6 48. Qxd5 Bc6 49. Qd6 Qb1+ 50. Bg1 Qe4 51. Qb8+ Ke7 52. Qxa7+ Ke6
53. Qa2+ Bd5 54. Qf2 Qd3 55. Kh2 Qe4 56. Qg3 Qg6 57. Qxg6+ fxg6 58. g4 Be4 59.
Kg3 Bd3 60. Kf4 Kd5 61. Bf2 Bf1 62. h4 Bd3 63. Ke3 Be4 64. e6 Bc2 65. e7 Ba4
66. Be1 Bb5 67. Bb4 Be8 68. Bc5 Bf7 69. Kf4 Ke6 70. Ke3 Be8 71. Kd3 Kd5 72. Kc3
Bd7 73. Kb4 Kc6 74. Ka5 Be8 75. Ka6 Kd7 76. Kb7 Bf7 77. Ba3 Be6 78. g5 Bd5+ 79.
Kb6 Bf7 80. e8=Q+ Kxe8 81. Kc6 Be6 82. d5 Bf5 83. Bb2 Kf8 84. Kc7 Ke8 85. Bxg7
Bg4 86. d6 Bh3 87. Bf6 Bf5 88. h5 gxh5 89. g6 Kf8 90. Kc6 h4 91. g7+ Kf7 92. d7
Bxd7+ 93. Kxd7 h3 94. g8=Q+ Kxg8 95. Be5 h2 96. Bxh2 1/2-1/2

[Event "SR 1. liga zapad 2013/2014"]
[Site "?"]
[Date "2013.12.14"]
[Round "30.8"]
[White "Hricak, Vasil"]
[Black "Mydlarik, Martin"]
[Result "0-1"]
[WhiteElo "2118"]
[BlackElo "2112"]
[PlyCount "94"]
[EventDate "2013.??.??"]
[WhiteTeam "SK Strelec Devinska Nova Ves"]
[BlackTeam "SK Modra"]

1. e4 e6 2. d4 d5 3. Nc3 Bb4 4. e5 c5 5. a3 Bxc3+ 6. bxc3 Qc7 7. Nf3 Ne7 8. Bd3
Bd7 9. O-O c4 10. Be2 Ba4 11. Nh4 h6 12. f4 g6 13. Rb1 Nd7 14. Rb4 Nb6 15. Be3
O-O-O 16. Bg4 Nc6 17. Rb1 Qe7 18. Nf3 Qxa3 19. Qd2 Qe7 20. Ra1 a6 21. Rfb1 Bb5
22. Qe1 Kc7 23. Bc1 Nc8 24. Ba3 Qd7 25. Bc5 b6 26. Ba3 Kb7 27. Rb2 N6a7 28. Qb1
Kc6 29. Nd2 g5 30. Bf3 gxf4 31. Qa2 Kc7 32. Bb4 Rdg8 33. Nb1 Kd8 34. Na3 a5 35.
Nxb5 Nxb5 36. Bxa5 bxa5 37. Qxa5+ Nc7 38. Rb7 f6 39. exf6 Rf8 40. Rab1 Rxf6 41.
R1b5 Nd6 42. Rb8+ Ke7 43. Rxh8 Ncxb5 44. Qa8 Nc7 45. Qg8 Qe8 46. Qg7+ Qf7 47.
Qg4 Qg6 0-1

[Event "SR 1. liga zapad 2013/2014"]
[Site "?"]
[Date "2013.12.15"]
[Round "31.1"]
[White "Pagerka, Martin"]
[Black "Podoba, Milan"]
[Result "0-1"]
[WhiteElo "2224"]
[BlackElo "2132"]
[PlyCount "78"]
[EventDate "2013.??.??"]
[WhiteTeam "SK Osuske"]
[BlackTeam "SKS Dubnica n/Vahom B"]

1. e4 e6 2. d4 d5 3. Nc3 Nf6 4. e5 Nfd7 5. f4 c5 6. Nf3 Nc6 7. Be3 Be7 8. Qd2
O-O 9. Be2 a6 10. O-O b5 11. Nd1 Qb6 12. c3 b4 13. Nf2 a5 14. g4 Ba6 15. g5
Bxe2 16. Qxe2 bxc3 17. bxc3 Qa6 18. Qe1 Rfb8 19. Ng4 Rb2 20. Qh4 Qd3 21. Kh1
Rxa2 22. Rxa2 Qxf1+ 23. Ng1 Qb1 24. Rg2 cxd4 25. Bxd4 a4 26. Nf6+ Nxf6 27. gxf6
Bf8 28. Qf2 Nxd4 29. cxd4 a3 30. Qa2 Qxa2 31. Rxa2 gxf6 32. exf6 Rb8 33. Rg2+
Kh8 34. Rc2 h6 35. h4 h5 36. Nf3 Rb1+ 37. Ng1 Kh7 38. Re2 Kg6 39. f5+ Kxf5 0-1

[Event "SR 1. liga zapad 2013/2014"]
[Site "?"]
[Date "2013.12.15"]
[Round "31.2"]
[White "Lazo, Juraj"]
[Black "Jozefek, Michal"]
[Result "0-1"]
[WhiteElo "2138"]
[BlackElo "2168"]
[PlyCount "32"]
[EventDate "2013.??.??"]
[WhiteTeam "SKS Dubnica n/Vahom B"]
[BlackTeam "SK Osuske"]

1. d4 Nf6 2. Bg5 Ne4 3. Bf4 d5 4. f3 Nf6 5. Nc3 c5 6. e3 a6 7. Bxb8 Rxb8 8. Qd2
cxd4 9. exd4 g6 10. Bd3 Bg7 11. Nge2 O-O 12. O-O-O b5 13. g4 b4 14. Nb1 Qd6 15.
Qf4 Qxf4+ 16. Nxf4 Bh6 0-1

[Event "SR 1. liga zapad 2013/2014"]
[Site "?"]
[Date "2013.12.15"]
[Round "31.3"]
[White "Cajka, Tibor"]
[Black "Orgon, Dusan"]
[Result "1-0"]
[WhiteElo "2162"]
[BlackElo "2089"]
[PlyCount "173"]
[EventDate "2013.??.??"]
[WhiteTeam "SK Osuske"]
[BlackTeam "SKS Dubnica n/Vahom B"]

1. e4 e6 2. d4 d5 3. Nc3 Nf6 4. Bg5 Bb4 5. e5 h6 6. Bd2 Bxc3 7. bxc3 Ne4 8. Bd3
Nxd2 9. Qxd2 c5 10. Nf3 Nc6 11. O-O Qa5 12. Rfd1 O-O 13. h3 cxd4 14. cxd4 Qxd2
15. Rxd2 b6 16. c4 Nb4 17. cxd5 Nxd5 18. Be4 Bb7 19. Rc2 Rac8 20. Nd2 Rxc2 21.
Bxc2 Nc3 22. Bd3 b5 23. Rc1 b4 24. a3 a5 25. axb4 axb4 26. Nb1 Be4 27. Nxc3
Bxd3 28. Na4 b3 29. Nc5 Bc2 30. Na4 Ra8 31. Nc3 Bg6 32. Nd1 Ra2 33. Nc3 Rc2 34.
Rxc2 Bxc2 35. Na4 Kh7 36. Kf1 Kg6 37. Ke2 Kf5 38. Ke3 h5 39. g3 Bd1 40. Nb2 Bc2
41. Nc4 Kg6 42. Kd2 Bf5 43. h4 Bc2 44. Ne3 Be4 45. Kc3 Kh7 46. Kxb3 Kg8 47. Kc3
Kf8 48. Kd2 Ke7 49. Nc4 Bd5 50. Nd6 Bf3 51. Ke3 Bd1 52. Kf4 f6 53. Ne4 Kf7 54.
Nc5 Be2 55. Ke3 Bd1 56. Nd3 Bc2 57. Nf4 g6 58. exf6 Kxf6 59. Nd3 Kf5 60. f3 Bd1
61. Nf2 Bc2 62. Ne4 Bb1 63. Nd6+ Kf6 64. Kf4 Bc2 65. Ne4+ Kf7 66. Kg5 Bd1 67.
Nd2 Be2 68. g4 hxg4 69. fxg4 Bd1 70. Nf1 Bc2 71. Ng3 Bd3 72. Kh6 Ke7 73. h5
gxh5 74. Nxh5 Kd6 75. Nf4 Bc2 76. Ng2 Ke7 77. Kg7 Bb3 78. Ne3 Ba2 79. g5 Bb1
80. g6 Be4 81. Ng4 Bc2 82. Ne5 Bb1 83. Nc6+ Kd6 84. Ne5 Kd5 85. Nf3 Ba2 86. Kf6
Ke4 87. Ne5 1-0

[Event "SR 1. liga zapad 2013/2014"]
[Site "?"]
[Date "2013.12.15"]
[Round "31.4"]
[White "Pupak, Tomas"]
[Black "Jablonicky, Martin"]
[Result "1/2-1/2"]
[WhiteElo "2016"]
[BlackElo "1967"]
[PlyCount "149"]
[EventDate "2013.??.??"]
[WhiteTeam "SKS Dubnica n/Vahom B"]
[BlackTeam "SK Osuske"]

1. Nf3 c5 2. c4 Nc6 3. g3 g6 4. Bg2 Bg7 5. O-O $2 d6 6. Nc3 e6 7. e3 Nge7 8. a3
O-O $2 9. Qc2 Rb8 10. Rb1 a6 11. b4 cxb4 12. axb4 a5 13. bxa5 Qxa5 14. Rb5 Qc7
15. d3 Bd7 16. Bd2 Na7 17. Rb4 b5 18. Rc1 Nec6 19. Rxb5 Nxb5 20. Nxb5 Qd8 21.
Nxd6 Nb4 22. Bxb4 Rxb4 23. d4 Ba4 24. Nxf7 Rxf7 25. Qe4 Qc8 26. Ng5 Rc7 27. Bh3
Bd7 28. c5 Bf6 29. Bxe6+ Bxe6 30. Qxe6+ Qxe6 31. Nxe6 Rcb7 32. Kg2 Rb1 33. Rc3
Kf7 34. Nf4 R1b3 35. Rc4 R3b4 36. Rc1 Bxd4 37. c6 Rb8 38. c7 Rc8 39. exd4 Rxd4
40. Rc5 Rd7 41. h4 Rcxc7 42. Ra5 Rd2 43. Ra6 Rcc2 44. Nh3 Ra2 45. Rb6 Rdb2 46.
Rc6 h6 47. Rc7+ Ke8 48. Rg7 Ra6 49. Rh7 Kf8 50. Rc7 Rf6 51. Ra7 Rbb6 52. Rc7
Rf7 53. Rc5 Kg7 54. Ra5 Rbf6 55. Rb5 Rf5 56. Rb4 Ra5 57. Rc4 g5 58. hxg5 hxg5
59. Rg4 Kh6 60. f4 Rb7 61. Nxg5 Rb2+ 62. Kh3 Ra1 63. Rh4+ Kg6 64. Kg4 Ra5 65.
Ne4 Re2 66. Ng5 Rxg5+ 67. fxg5 Re4+ 68. Kf3 Re5 69. Rh8 Kxg5 70. Rg8+ Kf6 71.
g4 Ra5 72. Rf8+ Kg6 73. Rg8+ Kf6 74. Re8 Kg5 75. Rg8+ 1/2-1/2

[Event "SR 1. liga zapad 2013/2014"]
[Site "?"]
[Date "2013.12.15"]
[Round "31.5"]
[White "Vach, Pavol"]
[Black "Prasek, Ivan"]
[Result "0-1"]
[WhiteElo "2073"]
[BlackElo "1950"]
[PlyCount "106"]
[EventDate "2013.??.??"]
[WhiteTeam "SK Osuske"]
[BlackTeam "SKS Dubnica n/Vahom B"]

1. d4 Nf6 2. c4 g6 3. Nc3 Bg7 4. e4 d6 5. Nf3 O-O $2 6. Be2 e5 7. dxe5 dxe5 8.
Qxd8 Rxd8 9. Bg5 Rf8 10. Nd5 Nxd5 11. cxd5 c6 12. Bc4 b5 13. Bb3 Bb7 14. Rd1 c5
15. Be7 Rc8 16. d6 c4 17. Bc2 Nd7 18. O-O $2 a5 19. b3 c3 20. Nh4 b4 21. f4 Ba6
22. Rf2 exf4 23. Rxf4 Bh6 24. g3 Bxf4 25. gxf4 f6 26. e5 fxe5 27. fxe5 Kf7 28.
Be4 Nxe5 29. Bd5+ Ke8 30. Bxa8 Rxa8 31. Rd5 Nd3 32. Bg5 Kd7 33. Nf3 c2 34. Ne5+
Nxe5 35. Rxe5 Rc8 36. Bc1 Rf8 37. Re1 Kxd6 38. Bb2 Rf5 39. Kg2 Bb7+ 40. Kg1 Ba6
41. Kg2 Rd5 42. Kf2 Rd1 43. Bc1 Bd3 44. Rg1 Bf5 45. Re1 Kd5 46. Ke2 Bg4+ 47.
Kf2 Kd4 48. Bh6 Kc3 49. Bg7+ Kd3 50. Bh6 Rd2+ 51. Kg3 Bd1 52. Re8 c1=Q 53. Rd8+
Ke2 0-1

[Event "SR 1. liga zapad 2013/2014"]
[Site "?"]
[Date "2013.12.15"]
[Round "31.6"]
[White "Kutny, Marian 1968"]
[Black "Jablonicky, Frantisek"]
[Result "1-0"]
[WhiteElo "1932"]
[BlackElo "2146"]
[PlyCount "131"]
[EventDate "2013.??.??"]
[WhiteTeam "SKS Dubnica n/Vahom B"]
[BlackTeam "SK Osuske"]

1. d4 f5 2. c4 Nf6 3. Nc3 g6 4. Nf3 Bg7 5. e3 O-O 6. Bd3 d6 7. O-O Qe8 8. d5
Na6 9. a3 Nc5 10. Nb5 Qd8 11. Nbd4 Bd7 12. b4 Nxd3 13. Qxd3 c5 14. dxc6 bxc6
15. Nb3 Qc7 16. Bb2 Rad8 17. Rfd1 Bc8 18. Rac1 h6 19. Qe2 Rfe8 20. c5 d5 21.
Be5 Qd7 22. Nfd4 Bb7 23. b5 Qc8 24. Na5 cxb5 25. Qxb5 Ba6 26. Qc6 Qxc6 27.
Naxc6 Ra8 28. Ne6 Kf7 29. Nc7 Bc4 30. Nxa8 Rxa8 31. Nd4 Rc8 32. c6 Ne8 33. Bxg7
Nxg7 34. Nf3 Kf6 35. Nd2 Be2 36. Re1 Bb5 37. Nb3 e5 38. Na5 Ne6 39. Red1 d4 40.
exd4 Nxd4 41. Kh1 Ke6 42. Rc3 Kd5 43. h3 Ba4 44. Rd2 Bxc6 45. Nxc6 Rxc6 46.
Rxc6 Kxc6 47. f4 Kd5 48. fxe5 Kxe5 49. Rb2 Nc6 50. Rb7 a5 51. Rh7 h5 52. Rg7
Kf6 53. Rc7 Nd4 54. Rc5 Nb3 55. Rb5 a4 56. Rb4 g5 57. Rxa4 g4 58. Ra6+ Kg5 59.
a4 gxh3 60. gxh3 Kf4 61. Rh6 Kg3 62. Rxh5 f4 63. Rf5 Nd4 64. Rf8 f3 65. Kg1
Kxh3 66. Rg8 1-0

[Event "SR 1. liga zapad 2013/2014"]
[Site "?"]
[Date "2013.12.15"]
[Round "31.7"]
[White "Polasek, Filip"]
[Black "Krajcovic, Alojz"]
[Result "1-0"]
[WhiteElo "2085"]
[BlackElo "1969"]
[PlyCount "57"]
[EventDate "2013.??.??"]
[WhiteTeam "SK Osuske"]
[BlackTeam "SKS Dubnica n/Vahom B"]

1. e4 c5 2. Nf3 Nc6 3. d4 cxd4 4. Nxd4 Nf6 5. Nc3 e5 6. Ndb5 d6 7. Bg5 a6 8.
Bxf6 gxf6 9. Na3 b5 10. Nd5 Be6 11. c3 Bg7 12. Nc2 Ra7 13. Nce3 O-O 14. Qf3 Nb8
15. Be2 Kh8 16. O-O Rg8 17. a4 bxa4 18. Rxa4 a5 19. Rfa1 Rb7 20. Rxa5 Rxb2 21.
Nc4 Rb7 22. Ra8 Bxd5 23. exd5 Qe7 24. Bd3 Bf8 25. Qf5 Rg7 26. Na5 Rb2 27. Rb1
Rxb1+ 28. Bxb1 Qd7 29. Rxb8 1-0

[Event "SR 1. liga zapad 2013/2014"]
[Site "?"]
[Date "2013.12.15"]
[Round "32.1"]
[White "Lanc, Alois"]
[Black "Jakubek, Peter"]
[Result "1-0"]
[WhiteElo "2355"]
[BlackElo "2140"]
[PlyCount "105"]
[EventDate "2013.??.??"]
[WhiteTeam "Lokomotiva Trnava"]
[BlackTeam "SKS Povazska Bystrica"]

1. e4 e5 2. Nf3 Nf6 3. Nc3 Nc6 4. Bb5 Nd4 5. Ba4 Bc5 6. d3 O-O 7. Nxd4 exd4 8.
Ne2 d5 9. f3 c6 10. Bb3 h6 11. Ng3 Re8 12. O-O a5 13. a4 Qc7 14. Kh1 Be6 15.
Qe2 Bd6 16. Qf2 c5 17. exd5 Bxg3 18. hxg3 Bxd5 19. Bxd5 Nxd5 20. Bd2 Ne3 21.
Rfe1 Qb6 22. c3 Nd5 23. Rxe8+ Rxe8 24. Re1 Rxe1+ 25. Qxe1 Qxb2 26. Qe8+ Kh7 27.
Qe4+ Kg8 28. Qxd5 Qxd2 29. cxd4 Qxd3 30. Qxc5 Qd1+ 31. Kh2 Qxa4 32. Qc8+ Kh7
33. d5 Qd4 34. Qxb7 a4 35. Qxf7 a3 36. Qf5+ Kg8 37. Qe6+ Kh7 38. d6 a2 39. Qxa2
Qxd6 40. Qf7 Qd1 41. Qf5+ Kg8 42. Qe6+ Kh7 43. g4 Qf1 44. Kg3 Qc1 45. Qe5 Qd2
46. Qe4+ Kg8 47. f4 Qc3+ 48. Kh4 Qf6+ 49. g5 hxg5+ 50. fxg5 Qd6 51. g6 Qb8 52.
Qd5+ Kh8 53. Qh5+ 1-0

[Event "SR 1. liga zapad 2013/2014"]
[Site "?"]
[Date "2013.12.15"]
[Round "32.2"]
[White "Obona, Jan"]
[Black "Banas, Jan"]
[Result "1/2-1/2"]
[WhiteElo "2140"]
[BlackElo "2293"]
[PlyCount "81"]
[EventDate "2013.??.??"]
[WhiteTeam "SKS Povazska Bystrica"]
[BlackTeam "Lokomotiva Trnava"]

1. Nf3 g6 2. d4 Bg7 3. c4 Nf6 4. Nc3 d5 5. Bg5 Ne4 6. Bh4 Nxc3 7. bxc3 dxc4 8.
Qa4+ c6 9. Qxc4 Qa5 10. e3 Na6 11. Qb3 Be6 12. Qb2 Nc5 13. Qb4 Qxb4 14. cxb4
Na4 15. Bd3 a5 16. a3 Nb2 17. Kd2 Nxd3 18. Kxd3 Bf5+ 19. e4 Bg4 20. Ne5 Be6 21.
Ke3 h5 22. f4 Bf6 23. Bxf6 exf6 24. Nd3 O-O 25. Rhb1 Rfe8 26. bxa5 Bd5 27. e5
Bxg2 28. Nc5 fxe5 29. fxe5 Rxa5 30. Nxb7 Ra7 31. Nd6 Rea8 32. Rb3 Bd5 33. Rc3
Kg7 34. Ne4 Rb7 35. a4 Rb2 36. Nd2 Ra6 37. h4 f6 38. exf6+ Kxf6 39. a5 g5 40.
hxg5+ Kxg5 41. Ne4+ 1/2-1/2

[Event "SR 1. liga zapad 2013/2014"]
[Site "?"]
[Date "2013.12.15"]
[Round "32.3"]
[White "Vass, Frantisek"]
[Black "Kvassay, Peter"]
[Result "0-1"]
[WhiteElo "2283"]
[BlackElo "2042"]
[PlyCount "94"]
[EventDate "2013.??.??"]
[WhiteTeam "Lokomotiva Trnava"]
[BlackTeam "SKS Povazska Bystrica"]

1. d4 d5 2. Nf3 Nf6 3. c4 c6 4. Nc3 e6 5. e3 Nbd7 6. Qc2 Bd6 7. Be2 O-O 8. O-O
dxc4 9. Bxc4 e5 10. Rd1 exd4 11. Rxd4 Qe7 12. Ne4 Bc7 13. Ng3 Ne5 14. Be2 g6
15. Bd2 c5 16. Ra4 a6 17. Nxe5 Bxe5 18. f4 Bc7 19. Bf3 Rb8 20. Rc4 Bb6 21. f5
Nd7 22. fxg6 hxg6 23. Bc3 Bc7 24. Bd5 Qxe3+ 25. Kh1 Qg5 26. Rh4 Be5 27. Qe4
Bxc3 28. Rg4 Nf6 29. Rxg5 Nxe4 30. Nxe4 Bxb2 31. Rb1 Bg7 32. Rxg6 Bf5 33. Rgb6
Rfd8 34. Rxb7 Rxb7 35. Bxb7 Rb8 36. Kg1 Rxb7 37. Rxb7 Bxe4 38. Rc7 Bd4+ 39. Kf1
Bd3+ 40. Ke1 Kg7 41. Kd2 c4 42. Rc6 a5 43. Ra6 Be4 44. Rxa5 c3+ 45. Ke2 c2 46.
Kd2 Be3+ 47. Kxe3 c1=Q+ 0-1

[Event "SR 1. liga zapad 2013/2014"]
[Site "?"]
[Date "2013.12.15"]
[Round "32.4"]
[White "Capak, Stefan"]
[Black "Lukac, Roman"]
[Result "1/2-1/2"]
[WhiteElo "2040"]
[BlackElo "2110"]
[PlyCount "39"]
[EventDate "2013.??.??"]
[WhiteTeam "SKS Povazska Bystrica"]
[BlackTeam "Lokomotiva Trnava"]

1. d4 Nf6 2. Nf3 g6 3. g3 Bg7 4. Bg2 O-O 5. O-O d6 6. c4 Nbd7 7. Nc3 e5 8. e4
Re8 9. h3 b6 10. dxe5 dxe5 11. Be3 Bb7 12. Qc2 c6 13. Rfd1 Qc7 14. Rd2 Nf8 15.
Rad1 Ne6 16. Ng5 Nxg5 17. Bxg5 Rad8 18. Rxd8 Rxd8 19. Rxd8+ Qxd8 20. Qd2
1/2-1/2

[Event "SR 1. liga zapad 2013/2014"]
[Site "?"]
[Date "2013.12.15"]
[Round "32.5"]
[White "Szitkey, Milan"]
[Black "Belak, Stefan"]
[Result "1/2-1/2"]
[WhiteElo "2149"]
[BlackElo "1984"]
[PlyCount "84"]
[EventDate "2013.??.??"]
[WhiteTeam "Lokomotiva Trnava"]
[BlackTeam "SKS Povazska Bystrica"]

1. e4 e6 2. d4 d5 3. Nd2 c5 4. Ngf3 cxd4 5. Nxd4 Nc6 6. Nxc6 bxc6 7. Bd3 g6 8.
O-O Bg7 9. c4 Ne7 10. Rb1 O-O 11. Qe2 Re8 12. Nf3 d4 13. e5 c5 14. Bg5 Bb7 15.
Be4 Bxe4 16. Qxe4 Qc7 17. Bxe7 Qxe7 18. Rfe1 Rab8 19. Qf4 h6 20. h4 Rb6 21. b3
Rd8 22. Rbd1 Qc7 23. Nd2 f5 24. Qg3 Kh7 25. f4 Ra6 26. a4 Rb6 27. Qd3 Qe7 28.
Qh3 h5 29. Nb1 Rdb8 30. Rd3 Bh6 31. Rf1 Qb7 32. Nd2 a5 33. Rff3 Rg8 34. Qg3 Qa7
35. Nb1 Ra6 36. Na3 Qb8 37. Nb5 Qd8 38. Qe1 Bf8 39. Rh3 Be7 40. Qf2 Qc8 41. Qf3
Qc6 42. Qxc6 Rxc6 1/2-1/2

[Event "SR 1. liga zapad 2013/2014"]
[Site "?"]
[Date "2013.12.15"]
[Round "32.6"]
[White "Gombar, Peter"]
[Black "Miklas, Marian"]
[Result "1/2-1/2"]
[WhiteElo "1972"]
[BlackElo "2102"]
[PlyCount "72"]
[EventDate "2013.??.??"]
[WhiteTeam "SKS Povazska Bystrica"]
[BlackTeam "Lokomotiva Trnava"]

1. e4 e6 2. d4 d5 3. Nd2 c5 4. exd5 Qxd5 5. Ngf3 Nf6 6. Bc4 Qd8 7. O-O cxd4 8.
Nb3 Nc6 9. Nbxd4 Nxd4 10. Nxd4 a6 11. a4 Bd6 12. Nf3 Qc7 13. Be2 O-O 14. Bg5
Be7 15. c3 e5 16. Qc2 Bg4 17. h3 Bh5 18. Nh4 Bxe2 19. Qxe2 Nd5 20. Bxe7 Nxe7
21. Nf3 Ng6 22. Rfd1 Rfe8 23. g3 f5 24. Qd3 f4 25. Qd5+ Kh8 26. Ng5 h6 27. Qf7
Qc6 28. Rd7 Re7 29. Rxe7 Nxe7 30. Ne6 Rg8 31. Qxe7 fxg3 32. fxg3 Qf3 33. Qh4
Qe3+ 34. Kh1 Qf3+ 35. Kg1 Qe3+ 36. Kh1 Qf3+ 1/2-1/2

[Event "SR 1. liga zapad 2013/2014"]
[Site "?"]
[Date "2013.12.15"]
[Round "32.7"]
[White "Nicolini, Alexander"]
[Black "Urbanic, Martin"]
[Result "1/2-1/2"]
[WhiteElo "2151"]
[BlackElo "1910"]
[PlyCount "49"]
[EventDate "2013.??.??"]
[WhiteTeam "Lokomotiva Trnava"]
[BlackTeam "SKS Povazska Bystrica"]

1. e4 e5 2. Nf3 Nc6 3. Bb5 f5 4. d3 d6 5. O-O Nf6 6. Re1 fxe4 7. dxe4 Be7 8.
Nbd2 O-O 9. c3 h6 10. Nf1 Be6 11. Ng3 Qe8 12. Nd2 Qg6 13. Bc4 Bxc4 14. Nxc4 Kh7
15. Qe2 Nd8 16. Nf5 Rf7 17. Nh4 Qg4 18. Qxg4 Nxg4 19. Nf5 g6 20. Nxe7 Rxe7 21.
Ne3 Nxe3 22. Bxe3 Ne6 23. Rad1 b6 24. Rd2 g5 25. c4 1/2-1/2

[Event "SR 1. liga zapad 2013/2014"]
[Site "?"]
[Date "2013.12.15"]
[Round "32.8"]
[White "Magerciak, Roman"]
[Black "Puskar, Peter"]
[Result "1-0"]
[WhiteElo "1916"]
[BlackElo "2063"]
[PlyCount "119"]
[EventDate "2013.??.??"]
[WhiteTeam "SKS Povazska Bystrica"]
[BlackTeam "Lokomotiva Trnava"]

1. d4 d5 2. c4 c6 3. Nf3 Nf6 4. Nc3 e6 5. Bg5 Be7 6. e3 Nbd7 7. Bd3 dxc4 8.
Bxc4 b5 9. Bd3 Bb7 10. O-O O-O 11. Re1 a6 12. e4 c5 13. d5 exd5 14. e5 Ne4 15.
Bxe7 Nxc3 16. Bxd8 Nxd1 17. Raxd1 Rfxd8 18. e6 fxe6 19. Ng5 Nf8 20. Nxe6 Nxe6
21. Rxe6 Rd7 22. Rde1 g6 23. h4 c4 24. Be2 d4 25. Bg4 Rf7 26. Rd6 d3 27. Be6
Raf8 28. Rd7 Kg7 29. Rxf7+ Rxf7 30. Bxf7 Kxf7 31. f3 b4 32. Rd1 a5 33. Kf2 Ba6
34. Ke3 Kf6 35. Kd2 Bb7 36. Re1 a4 37. Re8 Bd5 38. Rb8 b3 39. a3 Ke6 40. Rh8 h5
41. Rg8 Kf6 42. Rc8 Ke6 43. Ke3 Kd6 44. g4 hxg4 45. fxg4 Be6 46. Rb8 Bxg4 47.
Rb6+ Ke5 48. Rxg6 Bd1 49. Rg5+ Kd6 50. Kd2 Bf3 51. Ra5 Ke6 52. Rxa4 Bd5 53. Ra5
Ke5 54. h5 Kd4 55. Rxd5+ Kxd5 56. h6 Kd4 57. h7 c3+ 58. bxc3+ Kc4 59. h8=Q b2
60. Qb8 1-0

[Event "SR 1. liga zapad 2013/2014"]
[Site "?"]
[Date "2013.12.15"]
[Round "33.1"]
[White "Gazik, Igor"]
[Black "Bagi, Mate"]
[Result "0-1"]
[WhiteElo "2321"]
[BlackElo "2368"]
[PlyCount "114"]
[EventDate "2013.??.??"]
[WhiteTeam "SK Prievidza"]
[BlackTeam "KSC Komarno"]

1. e4 e5 2. Nf3 Nc6 3. Bb5 a6 4. Ba4 Nf6 5. d3 b5 6. Bb3 Be7 7. c3 d6 8. Nbd2
O-O 9. O-O Na5 10. Bc2 c5 11. a4 Rb8 12. d4 exd4 13. cxd4 Nc6 14. axb5 axb5 15.
e5 dxe5 16. dxe5 Nd5 17. Qe2 Ncb4 18. Bb1 Nf4 19. Qe3 Nfd3 20. Ne4 c4 21. Bd2
Qb6 22. Qe2 Bb7 23. Bc3 Qg6 24. Ng3 Nd5 25. Bd2 h5 26. Ne1 N5f4 27. Bxf4 Nxf4
28. Qe3 Qg5 29. Ra7 Ne6 30. Qxg5 Nxg5 31. Nxh5 Bc5 32. Ra5 Bc6 33. Ng3 Rfd8 34.
h4 Ne6 35. Be4 Bxe4 36. Nxe4 Bd4 37. Ra2 Ra8 38. Rxa8 Rxa8 39. Nc2 Bxb2 40. Rb1
c3 41. Nxc3 Bxc3 42. Rxb5 Ra5 43. Rxa5 Bxa5 44. g3 Kh7 45. Kg2 Bb6 46. f4 Kg6
47. Kf3 Kh5 48. f5 Nd4+ 49. Nxd4 Bxd4 50. Ke4 Bc5 51. Kf4 Bb4 52. Kf3 Bd2 53.
Ke4 Kg4 54. e6 fxe6 55. fxe6 Bb4 56. Ke5 Be7 57. Ke4 g6 0-1

[Event "SR 1. liga zapad 2013/2014"]
[Site "?"]
[Date "2013.12.15"]
[Round "33.2"]
[White "Janko, Zoltan"]
[Black "Dobrotka, Martin"]
[Result "1-0"]
[WhiteElo "2269"]
[BlackElo "2218"]
[PlyCount "39"]
[EventDate "2013.??.??"]
[WhiteTeam "KSC Komarno"]
[BlackTeam "SK Prievidza"]

1. e4 e6 2. d4 d5 3. Nc3 Nf6 4. Bg5 Be7 5. e5 Nfd7 6. h4 a6 7. Qg4 Bxg5 8. hxg5
c5 9. Nf3 Nc6 10. dxc5 Qe7 11. O-O-O Qxc5 12. g6 f5 13. Qf4 h6 14. g4 Rf8 15.
g5 hxg5 16. Qxg5 Qxf2 17. Rh2 Qxf3 18. Be2 Ndxe5 19. Bxf3 Nxf3 20. Qe3 1-0

[Event "SR 1. liga zapad 2013/2014"]
[Site "?"]
[Date "2013.12.15"]
[Round "33.3"]
[White "Gazik, Viktor"]
[Black "Kukel, Imre 1985"]
[Result "1/2-1/2"]
[WhiteElo "2166"]
[BlackElo "2249"]
[PlyCount "105"]
[EventDate "2013.??.??"]
[WhiteTeam "SK Prievidza"]
[BlackTeam "KSC Komarno"]

1. e4 c5 2. Nf3 d6 3. d4 cxd4 4. Nxd4 Nf6 5. Nc3 a6 6. h3 e6 7. g4 h6 8. Bg2
Qc7 9. O-O Nc6 10. Kh1 Be7 11. f4 Bd7 12. a4 Nxd4 13. Qxd4 Bc6 14. Be3 O-O 15.
a5 Rfe8 16. Qd2 d5 17. Bb6 Qc8 18. e5 Nd7 19. Bd4 Bb4 20. Qe3 Qc7 21. f5 Bxc3
22. Qxc3 exf5 23. Rxf5 g6 24. Rf2 Re6 25. Raf1 Rf8 26. Qd2 Kg7 27. Be3 g5 28.
Bxg5 Qxe5 29. Rf5 Qxb2 30. Be3 Qa3 31. Bd4+ Kg8 32. g5 Rg6 33. gxh6 f6 34. Qf2
Qxa5 35. h7+ Kh8 36. Rg1 Qa3 37. Bf1 Rxg1+ 38. Kxg1 Qc1 39. Kh2 Qh6 40. Bd3 a5
41. Rf4 a4 42. Bf5 Ne5 43. Be6 Bd7 44. Bxe5 Bxe6 45. Bxf6+ Rxf6 46. Rxf6 Qxh3+
47. Kg1 Qg4+ 48. Kf1 Qd1+ 49. Kg2 Qg4+ 50. Qg3 b5 51. Qxg4 Bxg4 52. Kf2 Bd1 53.
Rb6 1/2-1/2

[Event "SR 1. liga zapad 2013/2014"]
[Site "?"]
[Date "2013.12.15"]
[Round "33.4"]
[White "Szegi, Tamas"]
[Black "Kaniansky, Miroslav"]
[Result "1/2-1/2"]
[WhiteElo "2233"]
[BlackElo "2203"]
[PlyCount "111"]
[EventDate "2013.??.??"]
[WhiteTeam "KSC Komarno"]
[BlackTeam "SK Prievidza"]

1. c4 c5 2. Nc3 Nf6 3. g3 d5 4. cxd5 Nxd5 5. Bg2 Nc7 6. Nf3 Nc6 7. O-O e5 8. d3
Be7 9. Be3 O-O 10. Rc1 Rb8 11. Nd2 Nd4 12. Nc4 f6 13. f4 b5 14. Na5 Nce6 15.
Nc6 Nxc6 16. Bxc6 Nd4 17. Bg2 Bg4 18. h3 Be6 19. b3 c4 20. dxc4 bxc4 21. fxe5
fxe5 22. Rxf8+ Qxf8 23. bxc4 Ba3 24. Rb1 Rxb1 25. Qxb1 Bxc4 26. Kh2 Qb4 27.
Qxb4 Bxb4 28. Bd5+ Bxd5 29. Nxd5 Bc5 30. Kg2 Ne6 31. Bxc5 Nxc5 32. Ne7+ Kf7 33.
Nc6 a6 34. Nxe5+ Ke6 35. Nd3 Na4 36. Kf3 a5 37. e4 Nc3 38. a3 Nb5 39. Nc5+ Kd6
40. Nb7+ Ke5 41. Nxa5 Nxa3 42. Nc6+ Kd6 43. Nd4 Ke5 44. Nf5 Nc4 45. Nxg7 Nd2+
46. Kg4 Nxe4 47. h4 Kf6 48. Nh5+ Ke5 49. Nf4 Nf6+ 50. Kf3 Kf5 51. Ng2 Ng4 52.
Ne3+ Nxe3 53. Kxe3 Kg4 54. Kf2 h5 55. Kg2 Kf5 56. Kf3 1/2-1/2